Albert Schweitzer Reverence for Life (Record no. 503)

MARC details
000 -LEADER
fixed length control field 00377nam a22001457a 4500
003 - CONTROL NUMBER IDENTIFIER
control field OSt
005 - DATE AND TIME OF LATEST TRANSACTION
control field 20160727222358.0
008 - FIXED-LENGTH DATA ELEMENTS--GENERAL INFORMATION
fixed length control field 160622b xxu||||| |||| 00| 0 eng d
040 ## - CATALOGING SOURCE
Transcribing agency TEST
100 ## - MAIN ENTRY--PERSONAL NAME
9 (RLIN) 618
Personal name Cousins, N
245 ## - TITLE STATEMENT
Title Albert Schweitzer Reverence for Life
260 ## - PUBLICATION, DISTRIBUTION, ETC. (IMPRINT)
Place of publication, distribution, etc. Am
Name of publisher, distributor, etc. Hallmark Card Inc
Date of publication, distribution, etc. 1971
300 ## - PHYSICAL DESCRIPTION
Extent Albert Schweitzer Reverence for Life
942 ## - ADDED ENTRY ELEMENTS (KOHA)
Source of classification or shelving scheme Dewey Decimal Classification
Koha item type BOOK
Holdings
Withdrawn status Lost status Source of classification or shelving scheme Damaged status Not for loan Home library Current library Date acquired Total Checkouts Full call number Barcode Date last seen Date last checked out Price effective from Koha item type
    Dewey Decimal Classification     Good Samaritan School Library Good Samaritan School Library 06/22/2016 1 920 COU1017 11/29/2024 11/12/2024 06/22/2016 BOOK

Powered by Koha